Music Quiz

Random Music or Rock Quiz

'70s Bands Lead Singers Quiz Stats

Quiz Updated Oct 1, 2016

Challenge
Share
Tweet
Embed
Score 0/24 Timer 05:00
4 Plays Today
% Correct
Mick Jagger
94.9%
Ozzy Osbourne
92%
Debbie Harry
90.9%
Paul Stanley and Gene Simmons
90%
Paul McCartney
89.6%
Robert Plant
89%
Roger Daltrey
86.9%
Johnny Rotten
86.3%
Glenn Frey and Don Henley
84.7%
David Gilmour and Roger Waters
80.9%
John Fogerty
77.8%
David Byrne
70.9%
% Correct
Ronnie Van Zant
67.6%
Joe Strummer
64.1%
Ian Anderson
56.1%
Klaus Meine
53.6%
Rob Halford
52.6%
Donald Fagen
52.3%
Dennis DeYoung
50.6%
Ian Gillan
47.6%
Brad Delp
41.1%
Jon Anderson
40.9%
Robin Zander
39.2%
Doug Gray
31.1%

You're not logged in!

Compare scores with friends on all Sporcle quizzes.
Join for Free
OR
Log In

You Might Also Like...

Show Comments

Extras

Top Quizzes Today


Score Distribution

Your Account Isn't Verified!

In order to create a playlist on Sporcle, you need to verify the email address you used during registration. Go to your Sporcle Settings to finish the process.

Report this User

Report this user for behavior that violates our Community Guidelines.

Details: